[Event "8th Gashimov Mem Blitz"]
[Site "Baku AZE"]
[Date "2022.12.22"]
[Round "6.2"]
[White "Mamedyarov, Shakhriyar"]
[Black "Vallejo Pons, Francisco"]
[Result "1-0"]
[WhiteTitle "GM"]
[BlackTitle "GM"]
[WhiteElo "2740"]
[BlackElo "2716"]
[WhiteFideId "13401319"]
[BlackFideId "2205530"]
[EventDate "2022.12.22"]

1. d4 d5 2. c4 e6 3. Nc3 a6 4. cxd5 exd5 5. Nf3 c6 6. Bf4 Bd6 7. Bg3 Ne7 8. e3
O-O 9. Bd3 Bf5 10. Bxf5 Nxf5 11. Qd3 Qd7 12. O-O-O a5 13. e4 dxe4 14. Nxe4 Na6
15. a3 Rad8 16. Kb1 Rfe8 17. Rhe1 h6 18. Qc2 Nxg3 19. hxg3 Nc7 20. Ne5 Bxe5 21.
dxe5 Nd5 22. f4 Qg4 23. Rd3 Re7 24. Qc5 Red7 25. Qxa5 Qg6 26. Ka1 Kh7 27. Qd2 b5
28. Nd6 b4 29. f5 Qh5 30. a4 Rxd6 31. exd6 Qxf5 32. Rd4 Qf6 33. Qd3+ Kh8 34.
Rde4 g6 35. Re8+ Kh7 36. Rxd8 Qxd8 37. Qd4 1-0

[Event "8th Gashimov Mem Blitz"]
[Site "Baku AZE"]
[Date "2022.12.23"]
[Round "15.2"]
[White "Rapport, Richard"]
[Black "Wang, Hao"]
[Result "1-0"]
[WhiteTitle "GM"]
[BlackTitle "GM"]
[WhiteElo "2740"]
[BlackElo "2722"]
[WhiteFideId "738590"]
[BlackFideId "8602883"]
[EventDate "2022.12.22"]

1. e4 c5 2. Nf3 d6 3. Bb5+ Bd7 4. Bxd7+ Nxd7 5. O-O Ngf6 6. Qe2 e6 7. b3 Be7 8.
Bb2 O-O 9. c4 Rc8 10. Nc3 Ne5 11. Nxe5 dxe5 12. f4 exf4 13. e5 Nd7 14. Rxf4 f5
15. exf6 Bxf6 16. Qxe6+ Kh8 17. Raf1 Bd4+ 18. Kh1 Nf6 19. Qe2 Re8 20. Qd1 a6 21.
Na4 Bxb2 22. Nxb2 Qd6 23. Na4 Rcd8 24. Qf3 b5 25. cxb5 axb5 26. Nc3 b4 27. Ne4
Nxe4 28. Rxe4 Rf8 29. Rf4 Rxf4 30. Qxf4 Qxf4 31. Rxf4 g6 32. Rf2 Ra8 33. d3 Kg7
34. Kg1 Rd8 35. Rc2 Rxd3 36. Rxc5 Rd2 37. Rc7+ Kh6 38. Rc4 Rxa2 39. Rxb4 Rb2 40.
Rh4+ Kg5 41. Rh3 h5 42. Rg3+ Kf4 43. Rf3+ Ke5 44. h4 Ke6 45. Kh2 Ke5 46. Kg3 Ke6
47. Rc3 Kf5 48. Rc5+ Kf6 49. Rb5 Rc2 50. Kf3 Rc3+ 51. Kf4 Rc2 52. Rb6+ Kg7 53.
g3 Rf2+ 54. Ke3 Rg2 55. Kf3 Rb2 56. b4 Kh6 57. Rb8 Kg7 58. Kf4 Rf2+ 59. Ke4 Re2+
60. Kf3 Rb2 61. Rb5 Kf6 62. Rb7 Kf5 63. Rb5+ Kf6 64. Ke4 Re2+ 65. Kd3 Rf2 66.
Rg5 Rb2 67. Kc3 Rb1 68. Kc4 Rc1+ 69. Kd5 Rb1 1-0